000 00903nac a22002657a 4500
001 BR7600397
003 BR-BrBNA
005 20240105113911.0
008 230509b bl.|||m| |||| 00| 0 por d
040 _aBR-BrBNA
_bpor
_cBiblioteca Nacional de Agricultura
072 _aH10
090 _a0210 BR7600397
100 1 _aMenschoy, A.B.
110 1 _aEmpresa Brasileira de Pesquisa Agropecuaria, Pelotas, RS. Representacao Estadual no Rio Grande do Sul
_93900
245 1 _aInsetos-pragas da batata e seu combate
260 3 _aPelotas, RS (Brasil):
_cJul 1975.
300 _a22 p.
490 _aBoletim Tecnico - Empresa Brasileira de Pesquisa Agropecuaria. Representacao Estadual no Rio Grande do Sul (Brazil)
_vno. 99
_x
500 _a10 illus.
650 _aINSETO
650 _aBATATA
650 _aERRADICACAO
909 _a202312
_bLúcia Elande
_c55
_dLúcia Elande
942 _2AGRIS
_n0
_cMS
999 _c266239
_d266239